SEVENTEEN DISCOGRAPHY (+ unreleased) - Statistics

General Stats
  • This quiz has been taken 357 times
    270 since last reset
  • The average score is 118 of 298
Answer Stats
Answer % Correct
HOT
94%
Go!
91%
Go
91%
Rock
91%
Rock with you
91%
Adore U
89%
Adore U (Vocal)
89%
God of Music
89%
Super
89%
Super (Workout Remix)
89%
Fighting
88%
MAESTRO
88%
_WORLD
88%
Don't Wanna Cry
86%
Home
86%
LALALI
86%
CLAP
85%
Mansae
85%
F*ck My Life
84%
Left & Right
84%
HOME;RUN
83%
Cheers
82%
Fear
82%
Pretty U
82%
To you
82%
Fire
81%
Shining Diamond
81%
Shining Diamond (Performance)
81%
HIT
80%
LOVE, MONEY, FAME
80%
VERY NICE
80%
Monster
78%
Spell
78%
BOOMBOOM
77%
Cheers to youth
77%
Ready to Love
77%
Ash
76%
Just do it
76%
Kidult
76%
Together
76%
Water
76%
Candy
75%
Circles
75%
Crush
75%
Spider
74%
20
73%
CBZ (Teleparty)
73%
LUNCH
73%
March
73%
My My
73%
April shower
72%
BEAUTIFUL
72%
Darl+ing
72%
DON QUIXOTE
72%
Oh My!
72%
SOS
72%
Our dawn is hotter than day
70%
Ruby
70%
Anyone
69%
Dust
69%
Last Night
69%
Light a Flame
69%
Shadow
69%
THANKS
69%
Fearless
68%
Heaven
68%
Love Letter
68%
Rain
68%
2 MINUS 1
67%
Eyes on you
67%
I Don't Understand But I Luv U
67%
CALL CALL CALL!
66%
Holiday
66%
Lilili Yabbay
66%
7PM
65%
Campfire
65%
Heaven's Cloud
65%
Jam Jam
65%
Back 2 Back
64%
Good to Me
64%
TRAUMA
64%
Yawn
64%
Do Re Mi
63%
Fallin' Flower
63%
HIGHLIGHT
63%
PANG!
63%
Pinwheel
63%
1 TO 13
61%
'bout you
61%
Flower
61%
GAM3 BO1
61%
Run to you
61%
Snap Shoot
61%
Getting Closer
60%
HEY BUDDY
60%
Wait
60%
AH! LOVE
59%
Domino
59%
Headliner
59%
Imperfect love
59%
All My Love
58%
Beautiful Monster
58%
IF you leave me
58%
Diamond Days
57%
Habit
57%
MY I
57%
Psycho
57%
Smile Flower
57%
24H
56%
Black Eye
56%
Fast Pace
56%
Hug
56%
Leftover
56%
Same dream, same mind, same night
56%
Ah Yeah
55%
Back it up
55%
Chilli
55%
DREAM
55%
Dream
55%
Let me hear you say
53%
Falling For U
52%
Limbo
52%
I Wish
51%
IF I
50%
Network Love
50%
Not Alone
50%
Tiger
50%
Wave
50%
Chuck
49%
Hit Song
49%
I can't run away
49%
Sara Sara
49%
Side By Side
49%
Swimming Fool
49%
Healing
48%
MOONWALKER
48%
ROCKET
48%
247
47%
Crazy in Love
47%
OMG
47%
Thinkin' about you
47%
Come to me
45%
Fronting
45%
I Don't Know
45%
CHANGE UP
44%
Don't listen in secret
43%
Ima- Even if the world ends tomorrow
43%
Say Yes
42%
Second Life
42%
Shhh
42%
God of Light Music
41%
Happy Ending
41%
Me
41%
What's Good
41%
When I Grow Up
41%
BRING IT
40%
Check In
40%
Hello
40%
Lean On Me
40%
Lucky
40%
Orbit
40%
SIMPLE
40%
Drift Away
39%
Lie Again
39%
Without You
39%
NO F.U.N
38%
Happy Alone
36%
Love Song
36%
Still Lonely
36%
Power of Love
35%
Monday To Saturday (Hiphop)
34%
Space
34%
A-TEEN
33%
Intro. New World
32%
Bittersweet
31%
Who
31%
The Reason
30%
9-TEEN
28%
Hai Cheng
27%
Q&A
27%
Chocolate
26%
Dandelion
26%
Outro. Incompletion
25%
What Kind of Future
25%
17
23%
Cold Love
23%
Tiger Power (Horanghae Power)
22%
54321 (Lift Off)
19%
Silent Boarding Gate
19%
ICARUS
17%
Crow
16%
Miracle
16%
STAY
16%
The Reason of My Smiles
16%
Fly
15%
Is It Still Beautiful
15%
Short Hair
15%
Warrior
15%
ZERO (HERO)
15%
Dirty Dancing
14%
LOTTO
14%
Lotto
14%
BETTING
13%
Fly! Birdy Friends
13%
High-Five
13%
Screen Time
13%
Shohikigen
13%
A Bite of Summer
11%
Maze
10%
Missed Connections
10%
Sickness
10%
Us, Again
10%
Going Seventeen Intro
9%
Going Seventeen Outro
9%
HAPPY BIRTHDAY
9%
Pit a Pat
9%
Bands Boy
8%
Nana Tour Song
8%
Still You
8%
Sweetest Thing
8%
Un Haeng Il Chi
8%
Beg For You
7%
E.T: Every Time
7%
Falling Down
7%
Goddess of Despair
7%
Kind of Love
7%
Shingiru
7%
YOSM
7%
B Boy
6%
Can you sit by my side?
6%
Cinematic Love
6%
Dreams Come True
6%
Hide
6%
Lonely Stars
6%
Looped Up
6%
Miss You
6%
That Pole
6%
We Gonna Make It Shine
6%
Winter Mountain
6%
Because of You
5%
Bumaye
5%
Exclusive Fairytale Theme
5%
Fall in Love
5%
Missed Call from Mom
5%
Night and rain
5%
Sunshine Remix
5%
The Moment You Arrive
5%
The Real Thing
5%
Wally
5%
Wrecker
5%
Just For Fun
3%
Lizzie Velasquez
3%
No Flex Zone
3%
Purple Rose
3%
Run Like Gump
3%
Xiāng Yù De Yì Yì (The Meaning of Meeting)
3%
Brothers For One Time
2%
Bucket List
2%
ECHO
2%
Lies
2%
Like a Loose Cannon
2%
Time Spoken in Ink
2%
When The Wind Blows
2%
Abyss
1%
Barefoot Man 0 Midsummer Graduation Song Master
1%
Bow Down
1%
Can't Live With Losing You
1%
CHILLIN'
1%
Crazy For You
1%
HURRICANE
1%
I Need You
1%
Joker
1%
LAST ORDER
1%
MMO (Madness Max Out)
1%
Our Vacation
1%
PHE · NOM · ENON
1%
Relationship (Come out, baby goblin)
1%
Steal The Show
1%
When Will We Learn
1%
WITH ME
1%
You're My Christmas
1%
Alright
0%
Caught in Bloom, Caught on You
0%
Die Schatten Werden Laenger
0%
Down in Sandbar
0%
I’m Sorry I Love You
0%
Lie Lie Lie
0%
Life is a Beach
0%
Like the beginning
0%
No One Told Me Why
0%
Rich At Heart
0%
Salute song
0%
Six Plates - Nana Tour
0%
The Reason I Thought I’d Die
0%
TOUCH
0%
What's The Problem
0%
YAKIMOCHI
0%
No matching quizzes found
Score Distribution
Percent of People with Each Score
Percentile by Number Answered
Your Score History
You have not taken this quiz since the last reset